| 000 | 00000nas 2200000za 4500 |
| 001 | 9.821140 |
| 003 | CaOODSP |
| 005 | 20250620081251 |
| 007 | cr ||||||||||| |
| 008 | 160715c20169999oncar pso||||f0 a0eng|d |
| 040 | |aCaOODSP|beng |
| 043 | |an-cn--- |
| 086 | 1 |aBC9-19E-PDF |
| 245 | 00|aBroadcasting distribution. |pCable, Internet Protocol Television (IPTV), multipoint distribution systems (MDS) and direct-to-home (DTH) |h[electronic resource] : |bstatistical and financial summaries / |cConsumer Affairs and Strategic Policy. |
| 246 | 13|aBroadcasting distribution. |pCable, Internet Protocol Television (IPTV) and direct-to-home (DTH) : |bstatistical and financial summaries |
| 260 | |a[Ottawa] : |bCanadian Radio-television and Telecommunications Commission, |c[2016]- |
| 310 | |aAnnual |
| 500 | |aIssued also in French under title: Distribution de radiodiffusion - relevés statistiques et financiers. |
| 692 | 07|2gccst|aTelecommunications |
| 710 | 2 |aCanadian Radio-television and Telecommunications Commission. |
| 775 | 08|tDistribution de radiodiffusion. |w(CaOODSP)9.821142 |
| 780 | 00|tBroadcast distribution. |w(CaOODSP)9.512560 |